Famiglia & lavoro (Record n. 209895)

Dettagli MARC
000 -LEADER
fixed length control field 01390nam a2200217Ia 4500
001 - CONTROL NUMBER
control field B7084-51691
003 - CONTROL NUMBER IDENTIFIER
control field IT-MiCISF
008 - FIXED-LENGTH DATA ELEMENTS--GENERAL INFORMATION
fixed length control field 161014s9999||||xx |||||||||||||| ||und||
040 ## - CATALOGING SOURCE
Original cataloging agency IT-MiCISF
Transcribing agency IT-MiCISF
041 ## - LANGUAGE CODE
Language code of text/sound track or separate title it
999 ## - SYSTEM CONTROL NUMBERS (KOHA)
Koha Dewey Subclass [OBSOLETE] si
100 ## - MAIN ENTRY--PERSONAL NAME
Personal name Zamagni Stefano
245 #0 - TITLE STATEMENT
Title Famiglia & lavoro
Remainder of title Opposizione o armonia? #
250 ## - EDITION STATEMENT
Edition statement 1a ed.
260 ## - PUBLICATION, DISTRIBUTION, ETC. (IMPRINT)
Place of publication, distribution, etc. Cinisello Balsamo (MI)
Name of publisher, distributor, etc. San Paolo
Date of publication, distribution, etc. 2012
300 ## - PHYSICAL DESCRIPTION
Extent pp. 208
500 ## - GENERAL NOTE
General note / famiglia, lavoro, donna, coppia, ruoli-sessuali, politica-familiare / Famiglia e lavoro sono in opposizione? E' possibile conciliarli? Gli AA., coniugi ed economisti, mettono a disposizione del lettore la loro conoscenza professionale e la loro esperienza di vita. La relazione tra vita famigliare e vita lavorativa è, oggi, estremamente complessa. Con la rivoluzione industriale e il processo di emancipazione femminile, i rapporti e gli equilibri fra le due parti sono cambiati profondamente. Oggi prevalgono forme di famiglia diversificate nelle quali l'accento è posto sull'autorealizzazione; tuttavia, anche da un punto di vista economico, solo la gratuità e la reciprocità nella relazione possono favorire l'armonia tra lavoro e famiglia, base necessaria per la costruzione di una corretta vita sociale.
650 ## - SUBJECT ADDED ENTRY--TOPICAL TERM
Topical term or geographic name as entry element Famiglia nella società / politica-familiare
Relator term 006
700 ## - ADDED ENTRY--PERSONAL NAME
Personal name Zamagni Vera
942 ## - ADDED ENTRY ELEMENTS (KOHA)
Koha item type LIBRO
957 ## -
-- 1
999 ## - SYSTEM CONTROL NUMBERS (KOHA)
-- 1
Dati di copia
Withdrawn status Lost status Damaged status Not for loan Home library Current library Date acquired Total Checkouts Full call number Date last seen Price effective from Koha item type Public note
    Buone Condizioni Not For Loan CISF - Milano CISF - Milano 14/10/2016   B7084-51691 14/10/2016 14/10/2016 LIBRO Data import 15.10.2016 / by Epidotti, Vaglietti
CREDITS: SOCIETA' SAN PAOLO Via A.Severo, 58 - ROMA (RM) & PERIODICI SAN PAOLO SRL Via Giotto, 36 MILANO & CISF Via Giotto, 36 MILANO & EDIZIONI SAN PAOLO SRL,  Piazza Soncino, 5 CINISELLO BALSAMO (MI) -- ITALY